[Event "DEN-chT 2122 59th"]
[Site "Denmark"]
[Date "2022.03.20"]
[Round "9.5"]
[White "Svane, Rasmus"]
[Black "Hansen, Sune Berg"]
[Result "1-0"]
[WhiteElo "2625"]
[BlackElo "2528"]
[PlyCount "98"]
[EventDate "2021.10.30"]
[EventType "team-tourn"]
[EventRounds "9"]
[EventCountry "DEN"]
[SourceTitle "EXT 2023"]
[Source "ChessBase"]
[SourceDate "2022.10.05"]
[SourceVersion "1"]
[SourceVersionDate "2022.10.05"]
[SourceQuality "1"]
[WhiteTeam "Skanderborg Nordea"]
[BlackTeam "Hillerod"]
[WhiteTeamCountry "DEN"]
[BlackTeamCountry "DEN"]

1. Nf3 f5 2. g3 Nf6 3. Bg2 g6 4. 0-0 Bg7 5. d4 0-0 6. c4 d6 7. Nc3 c6 8. b3 Na6 9. Bb2 Qc7 10. d5 e5 11. dxe6 Bxe6 12. Ng5 Bd7 13. Qd4 h6 14. Nf3 Be6 15. Rad1 Rfe8 16. Qd2 Rad8 17. Qc2 Nc5 18. Rfe1 Bf7 19. e3 a5 20. h3 Qe7 21. Nd4 Nfe4 22. a3 Ra8 23. Nde2 Nf6 24. Nc1 Rad8 25. Nd3 Ne6 26. Ne2 Ng5 27. Bd4 Ra8 28. Nb2 Ne6 29. Bc3 Nc5 30. Nd3 Nce4 31. Bd4 Ng5 32. Ndf4 Nge4 33. Nc3 Ng5 34. Qb2 Kh7 35. Rd3 Bg8 36. Red1 Nf7 37. Qc2 Ne5 38. R3d2 Bf7 39. Na4 Kg8 40. Nd3 Ned7 41. Nc1 d5 42. cxd5 Bxd5 43. Bxd5+ Nxd5 44. Nc3 N5f6 45. N1e2 Qf7 46. b4 axb4 47. axb4 Ne5 48. Bxe5 Rxe5 49. Nf4 Rae8 1-0

[Event "DEN-chT 2122 59th"]
[Site "Denmark"]
[Date "2022.02.27"]
[Round "7.4"]
[White "Hansen, Sune Berg"]
[Black "Nielsen, Viktor Haarmark"]
[Result "1-0"]
[WhiteElo "2528"]
[BlackElo "2296"]
[PlyCount "57"]
[EventDate "2021.10.30"]
[EventType "team-tourn"]
[EventRounds "9"]
[EventCountry "DEN"]
[SourceTitle "EXT 2023"]
[Source "ChessBase"]
[SourceDate "2022.10.05"]
[SourceVersion "1"]
[SourceVersionDate "2022.10.05"]
[SourceQuality "1"]
[WhiteTeam "Hillerod"]
[BlackTeam "Obro"]
[WhiteTeamCountry "DEN"]
[BlackTeamCountry "DEN"]

1. Nf3 Nf6 2. g3 g6 3. b3 Bg7 4. Bb2 0-0 5. Bg2 d5 6. c4 c6 7. 0-0 a5 8. a3 Nbd7 9. d3 Re8 10. cxd5 cxd5 11. Nc3 Nb8 12. Rc1 Nc6 13. Nb5 e5 14. a4 Bh6 15. e3 Bf8 16. d4 e4 17. Ne5 Ra6 18. f3 exf3 19. Qxf3 Bg7 20. Qf4 Be6 21. h3 Qb8 22. g4 Rc8 23. Nd3 Qxf4 24. exf4 Ne4 25. f5 gxf5 26. gxf5 Bd7 27. Bxe4 dxe4 28. Nc5 Rd8 29. Nxb7 1-0